000
00298nam a22001337a 4500
008
170424b xxu||||| |||| 00| 0 eng d
020
_a
0936712767
041
_a
eng
080
_a
543
100
_a
12
101
_a
SHM
245
_a
QUANTITATIVVE ULTRAMICROANALYSIS
_c
KIRK, P.L
942
_2
udc
_c
BK
999
_c
11732
_d
11732